Nihon no seiji erīto : kindaika no sūryō bunseki /

Saved in:
Bibliographic Details
Main Author: Takane, Masaaki, 1931-
Format: Book
Language:Japanese
Published: Tōkyō : Chūō Kōronsha, Shōwa 51 [1976]
Series:Chūkō shinsho ; 429
Subjects:
Tags: Add Tag
No Tags, Be the first to tag this record!
LEADER 00707cam a2200229Ia 4500
001 007738475-X
005 20020606104010.5
008 811210s1976 ja 000 0 jpn
010 |a  76804790  
035 0 |a ocm07986818 
035 0 |a ocm07986818  |z ocm14080811  |z ocm33566981 
040 |a DLC  |c OSU  |d OSU  |d OCL  |d YNH 
050 0 |a HN730.Z9  |b E47 
100 1 |a Takane, Masaaki,  |d 1931- 
245 1 0 |a Nihon no seiji erīto :  |b kindaika no sūryō bunseki /  |c Takane Masaaki cho. 
260 |a Tōkyō :  |b Chūō Kōronsha,  |c Shōwa 51 [1976] 
300 |a 207 p. ;  |c 18 cm. 
490 0 |a Chūkō shinsho ;  |v 429 
650 0 |a Elite (Social sciences)  |z Japan. 
650 0 |a Statesmen  |z Japan. 
988 |a 20020608 
906 |0 DLC